| 000 | 004700000a22001570004500 | ||
|---|---|---|---|
| 003 | LK-CoMWRAF | ||
| 008 | 230817t ||||| |||| 00| 0 eng d | ||
| 040 |
_aLK-CoMWRAF _dLK-CoMWRAF _eLK-CoMWRAF |
||
| 041 | _aeng | ||
| 082 |
_a910 _bAMI |
||
| 100 | _aAmin, A.R.A.Noor | ||
| 245 |
_aIlangai Muslim Thalaiwargal (Muslim Leaders of Sri Lanka) _bA.M.A.Azeez |
||
| 260 |
_bBureau of Publications (S.M.Kamaldeen) _aColombo 09 (Sri Lanka) _c1978 |
||
| 300 | _ap.22 | ||
| 942 | _cBK | ||
| 999 |
_c1376 _d1376 |
||